The noble scholar, jurist, historian


 His Excellency Dr. Abdul Wahhab bin Ibrahim Abu Sulaiman, may Allah have mercy on him.


 He was born in Umm Al-Qura in the year 1356 AH.

بيان مذهب الباطنية وبطلانه : (Record no. 11731)

MARC details
000 -LEADER
fixed length control field 01163cam a22002651i 4500
003 - CONTROL NUMBER IDENTIFIER
control field SA-RiAUC
005 - DATE AND TIME OF LATEST TRANSACTION
control field 20250915054120.0
008 - FIXED-LENGTH DATA ELEMENTS--GENERAL INFORMATION
fixed length control field 250912q19001999pk g 00110 ara c
040 ## - CATALOGING SOURCE
Original cataloging agency SA-RiAUC
Language of cataloging ara
Transcribing agency SA-RiAUC
Description conventions rda
082 04 - DEWEY DECIMAL CLASSIFICATION NUMBER
Classification number 247.9
Assigning agency SA-RiAUC
090 ## - LOCALLY ASSIGNED LC-TYPE CALL NUMBER (OCLC); LOCAL CALL NUMBER (RLIN)
Classification number (OCLC) (R) ; Classification number, CALL (RLIN) (NR) 247.9
Local cutter number (OCLC) ; Book number/undivided call number, CALL (RLIN) د ي ل
100 1# - MAIN ENTRY--PERSONAL NAME
Personal name الديلمي، محمد بن الحسن اليماني،
Dates associated with a name توفي 711 هجري
Relator term مؤلف.
245 10 - TITLE STATEMENT
Title بيان مذهب الباطنية وبطلانه :
Remainder of title منقول من كتاب قواعد آل محمد /
Statement of responsibility, etc. تأليف محمد بن الحسن الديلمي ؛ عنى بتصحيحه ر. شتروطمان.
264 #1 - PRODUCTION, PUBLICATION, DISTRIBUTION, MANUFACTURE, AND COPYRIGHT NOTICE
Place of production, publication, distribution, manufacture لاهور، باكستان :
Name of producer, publisher, distributor, manufacturer إدارة ترجمان السنة،
Date of production, publication, distribution, manufacture, or copyright notice [بين 1900 و1999]
300 ## - PHYSICAL DESCRIPTION
Extent 137 صفحة ؛
Dimensions 22 سم
336 ## - CONTENT TYPE
Content type term نص
Content type code txt
Source rdacontent
Materials specified كتاب
337 ## - MEDIA TYPE
Media type term بدون وسيط
Media type code n
Source rdamedia
338 ## - CARRIER TYPE
Carrier type term مجلد
Carrier type code nc
Source rdacarrier
500 ## - GENERAL NOTE
General note كشافات : صفحة 106-137.
650 #7 - SUBJECT ADDED ENTRY--TOPICAL TERM
Topical term or geographic name entry element الغلاة (شيعة)
Source of heading or term aucsh
700 1# - ADDED ENTRY--PERSONAL NAME
Personal name شتروطمان، ر.،
Dates associated with a name 1877-1960
Relator term مصحح.
740 0# - ADDED ENTRY--UNCONTROLLED RELATED/ANALYTICAL TITLE
Uncontrolled related/analytical title قواعد آل محمد.
942 ## - ADDED ENTRY ELEMENTS (KOHA)
Source of classification or shelving scheme Dewey Decimal Classification
Koha item type Books
Suppress in OPAC No
949 ## - LOCAL PROCESSING INFORMATION (OCLC)
a SA-JeALM
d 250912
u mohamedma123
n 1
Holdings
Withdrawn status Lost status Source of classification or shelving scheme Damaged status Not for loan Home library Current library Date acquired Total checkouts Full call number Barcode Date last seen Price effective from Koha item type
    Dewey Decimal Classification     DR AbdElwahab Library DR AbdElwahab Library 09/15/2025   247.9 د ي ل 000018920 09/15/2025 09/15/2025 Books